LIBRARY & INFORMATION CENTRE, KCAET, TAVANUR

ONLINE PUBLIC ACCESS CATALOGUE (OPAC)

Food Properties Handbook (Record no. 14305)

MARC details
000 -LEADER
fixed length control field 00292nam a22001337a 4500
020 ## - INTERNATIONAL STANDARD BOOK NUMBER
ISBN 9780849350054
082 ## - DEWEY DECIMAL CLASSIFICATION NUMBER
Classification number 664
Item number RAH/FO
245 ## - TITLE STATEMENT
Title Food Properties Handbook
250 ## - EDITION STATEMENT
Edition statement 2
260 ## - PUBLICATION, DISTRIBUTION, ETC. (IMPRINT)
Place of publication New York
Name of publisher CRC Press
Year of publication 2014
300 ## - PHYSICAL DESCRIPTION
Number of Pages 861
700 ## - ADDED ENTRY--PERSONAL NAME
Personal name Rahman,Shafiur.M
942 ## - ADDED ENTRY ELEMENTS (KOHA)
Koha item type Reference
Holdings
Withdrawn status Lost status Damaged status Collection code Home library Current library Shelving location Date acquired Source of acquisition Cost, normal purchase price Full call number Accession Number Koha item type
      Reference KAUAET KAUAET Reference1 14/06/2016 Dream Tech, Trivandrum 7495.00 664 RAH/FO 24432 Reference
free website counter